000 01061nam a22002897a 4500
005 20110316113452.0
008 110316t xxu||||| |||| 00| 0 eng d
010 _aENG-102138
020 _a9780071067928
_c299.00
020 _a0071067922
_c299.00
035 _aEN-85671
037 _bDBAD/PUB
040 _adpl
_bEng
082 0 0 _a361.06
100 1 _aMcLeod, John
_926603
_d1951-
245 1 0 _aThe counsellor's workbook :
_cby John McLeod
_bdeveloping a personal approach /
250 _a2nd ed
260 _aNew Delhi
_bTata McGraw Hill
_c2010
270 _a7, West Patel nagar
_bNew Delhi
_e110008
300 _axi, 228 p
_c24cm (pbk)
500 _aIncludes bibliographical references and index.
650 0 _926604
_aCounseling.
700 1 _926605
942 _2ddc
_cEN
_h361.06
_mMCL
999 _c51086
_d51086